Catalog

Record Details

Catalog Search



Cruise Management Information and Decision Support Systems  Cover Image E-book E-book

Cruise Management [electronic resource] : Information and Decision Support Systems / edited by Alexis Papathanassis, Michael H. Breitner, Cornelia Schoen, Nadine Guhr.

Record details

  • ISBN: 9783834971593
  • Physical Description: XI, 249p. 51 illus., 1 illus. in color. online resource.
  • Publisher: Wiesbaden : Gabler Verlag, 2012.
Subject: Economics.
Marketing.
Economics/Management Science.
Marketing.

Electronic resources


LDR 01490nam a22003975i 4500
00130943
003CONS
00520130726180334.0
007cr nn 008mamaa
008111102s2012 gw | s |||| 0|eng d
020 . ‡a9783834971593 ‡9978-3-8349-7159-3
0247 . ‡a10.1007/978-3-8349-7159-3 ‡2doi
035 . ‡a(DE-He213)978-3-8349-7159-3
050 4. ‡aHF5410-5417.5
072 7. ‡aKJS ‡2bicssc
072 7. ‡aKJSM ‡2bicssc
072 7. ‡aBUS043000 ‡2bisacsh
1001 . ‡aPapathanassis, Alexis. ‡eeditor.
24510. ‡aCruise Management ‡h[electronic resource] : ‡bInformation and Decision Support Systems / ‡cedited by Alexis Papathanassis, Michael H. Breitner, Cornelia Schoen, Nadine Guhr.
264 1. ‡aWiesbaden : ‡bGabler Verlag, ‡c2012.
300 . ‡aXI, 249p. 51 illus., 1 illus. in color. ‡bonline resource.
336 . ‡atext ‡btxt ‡2rdacontent
337 . ‡acomputer ‡bc ‡2rdamedia
338 . ‡aonline resource ‡bcr ‡2rdacarrier
347 . ‡atext file ‡bPDF ‡2rda
650 0. ‡aEconomics.
650 0. ‡aMarketing.
65014. ‡aEconomics/Management Science.
65024. ‡aMarketing.
7001 . ‡aBreitner, Michael H. ‡eeditor.
7001 . ‡aSchoen, Cornelia. ‡eeditor.
7001 . ‡aGuhr, Nadine. ‡eeditor.
7102 . ‡aSpringerLink (Online service)
7730 . ‡tSpringer eBooks
77608. ‡iPrinted edition: ‡z9783834932723
85640. ‡uhttp://biblioteca.ipicyt.edu.mx:2048/login?url=http://dx.doi.org/10.1007/978-3-8349-7159-3 ‡yTexto completo ‡9CONS
950 . ‡aBusiness and Economics (Springer-11643)
901 . ‡a30943 ‡b ‡c30943 ‡tbiblio ‡sSystem Local

Additional Resources